000 00321nam a2200133Ia 4500
008 230718s9999 xx 000 0 und d
082 _a333.78
_bفیض-ب
100 _aفیضان الله خان
245 0 _aبرقیات
260 _aPakistan
_bupper Mall, Love
_c1996
300 _a52
650 _aLaw
999 _c26402
_d26402